UGC NET/JRF/SET Botany V.4 (Record no. 758855)

MARC details
000 -LEADER
fixed length control field 00325nam a22001337a 4500
020 ## - INTERNATIONAL STANDARD BOOK NUMBER
ISBN 9788119497799
082 ## - DEWEY DECIMAL CLASSIFICATION NUMBER
Classification number 580 ASH.U
100 ## - MAIN ENTRY--AUTHOR NAME
Personal name Dr Ashish K.
245 ## - TITLE STATEMENT
Title UGC NET/JRF/SET Botany V.4
260 ## - PUBLICATION, DISTRIBUTION, ETC. (IMPRINT)
Place of publication Jaipur :
Name of publisher Paradise publishers ,
Year of publication c2025.
300 ## - PHYSICAL DESCRIPTION
Number of Pages 250 p.
942 ## - ADDED ENTRY ELEMENTS (KOHA)
Source of classification or shelving scheme Dewey Decimal Classification
Koha item type Book

No items available.